[Event "Graz Open A 2019"]
[Site "Graz AUT"]
[Date "2019.02.20"]
[Round "5.12"]
[White "Lahav, Michal"]
[Black "Zhang, Ziji"]
[Result "0-1"]
[WhiteTitle "WFM"]
[WhiteElo "2126"]
[BlackElo "2406"]
[WhiteFideId "2813742"]
[BlackFideId "8609470"]
[EventDate "2019.02.17"]

1. e4 e5 2. Nf3 Nc6 3. Bb5 a6 4. Ba4 Nge7 5. O-O g6 6. c3 Bg7 7. d4 exd4 8. cxd4
b5 9. Bb3 O-O 10. h3 d6 11. Be3 Na5 12. Bc2 Nc4 13. Bc1 c5 14. Nbd2 Nxd2 15.
Qxd2 cxd4 16. Nxd4 Bb7 17. Re1 Qc7 18. Nf3 d5 19. exd5 Nxd5 20. Bb3 Rad8 21. Rb1
h6 22. a3 Qb8 23. Qc2 Bc8 24. Nh4 Qb6 25. Bd2 Kh7 26. Rbd1 Bb7 27. Nf3 Qf6 28.
Ne5 Rfe8 29. Ng4 Rxe1+ 30. Bxe1 Qe7 31. Ba5 Rd7 32. Qc1 h5 33. Nh2 Qf6 34. Nf3
Nf4 35. Kh2 Rxd1 36. Bxd1 Bxf3 37. Bxf3 Nd3 38. Qc7 Ne5 39. Bb7 Qxf2 40. Bc3
Qf4+ 41. Kh1 g5 42. Bd5 Nc4 43. Qxf4 gxf4 44. Bxg7 Kxg7 45. Bb7 a5 46. Bc6 b4
47. axb4 axb4 48. b3 Nd2 49. Bd5 f5 50. Kg1 Kf6 51. Kf2 Ne4+ 52. Kf3 Ke5 53. Bg8
h4 54. Ke2 Nc5 55. Kf3 Nd7 56. Ke2 Ke4 57. Kf2 Ne5 58. Be6 Nc6 59. Bg8 Nd4 60.
Bc4 f3 61. g3 hxg3+ 62. Kxg3 Ke3 63. h4 Ne2+ 64. Kh2 f2 65. Kg2 f4 66. Bd5 f3+
67. Bxf3 Nf4+ 68. Kf1 Kxf3 69. h5 Nd5 0-1

[Event "Graz Open A 2019"]
[Site "Graz AUT"]
[Date "2019.02.20"]
[Round "5.13"]
[White "Christiansen, Johan-Sebastian"]
[Black "Lin, Yi"]
[Result "1/2-1/2"]
[WhiteTitle "GM"]
[WhiteElo "2559"]
[BlackElo "2345"]
[WhiteFideId "1512668"]
[BlackFideId "8609659"]
[EventDate "2019.02.17"]

1. d4 Nf6 2. Bf4 d5 3. e3 c5 4. Nf3 Nc6 5. Nbd2 Qb6 6. dxc5 Qxb2 7. Rb1 Qc3 8.
Bb5 e6 9. O-O Qxc5 10. Ne5 Be7 11. c4 O-O 12. Nb3 Qb6 13. Bxc6 bxc6 14. Nd4 Qc5
15. Ndxc6 Ba6 16. Qa4 Bxc4 17. Rfc1 Rfc8 18. Nxe7+ Qxe7 19. Nxc4 dxc4 20. Rxc4
e5 21. Bg3 Nd5 22. Qa6 Nb6 23. Rxc8+ Rxc8 24. h3 h5 25. h4 Qd7 26. Kh2 f6 27.
Qe2 Qg4 28. Qd2 Qe4 29. Rb2 Nc4 30. Qb4 a5 31. Qb3 Kh7 32. Re2 Rd8 33. Re1 Qd3
34. Qb7 Rd7 35. Qf3 Kg6 36. Qa8 Rd8 37. Qc6 Qd5 38. Qa4 Nb6 39. Qc2+ Qd3 40. Qc5
Nc4 41. Rc1 Nd2 42. Qxa5 Rc8 43. Rxc8 Nf1+ 44. Kg1 Qd1 45. Qd8 Nd2+ 46. Kh2 Nf1+
47. Kg1 Nd2+ 1/2-1/2

[Event "Graz Open A 2019"]
[Site "Graz AUT"]
[Date "2019.02.20"]
[Round "5.14"]
[White "Sebenik, Matej"]
[Black "Injac, Teodora"]
[Result "1/2-1/2"]
[WhiteTitle "GM"]
[BlackTitle "WIM"]
[WhiteElo "2542"]
[BlackElo "2325"]
[WhiteFideId "14602296"]
[BlackFideId "932400"]
[EventDate "2019.02.17"]

1. d4 Nf6 2. c4 g6 3. g3 Bg7 4. Bg2 O-O 5. Nc3 d6 6. Nf3 Nbd7 7. O-O e5 8. e4
exd4 9. Nxd4 Re8 10. h3 Nc5 11. Re1 Bd7 12. Bf4 h6 13. Qc2 Qc8 14. Kh2 Ne6 15.
Nxe6 Bxe6 16. Nd5 Nd7 17. Rad1 Ne5 18. Bd2 c6 19. Ne3 b5 20. cxb5 cxb5 21. Qb1
Qa6 22. b3 Rac8 23. Bb4 Nc6 24. Bxd6 Bc3 25. Rf1 Nb4 26. Bxb4 Bxb4 27. Nd5 Bxd5
28. Rxd5 Qb6 29. Qd3 a6 30. e5 Rc3 31. Qe2 Qc7 32. Qg4 Ba5 33. Rd7 h5 34. Rxc7
hxg4 35. Ra7 Rxe5 36. Rxa6 gxh3 37. Rxa5 hxg2 38. Kxg2 Re2 39. Rxb5 Rxa2 1/2-1/2

[Event "Graz Open A 2019"]
[Site "Graz AUT"]
[Date "2019.02.20"]
[Round "5.15"]
[White "Rudolf, Michal"]
[Black "Diermair, Andreas"]
[Result "1/2-1/2"]
[WhiteTitle "FM"]
[BlackTitle "GM"]
[WhiteElo "2331"]
[BlackElo "2502"]
[WhiteFideId "1106210"]
[BlackFideId "1612468"]
[EventDate "2019.02.17"]

1. e4 e6 2. d4 d5 3. Nd2 a6 4. Ngf3 c5 5. exd5 exd5 6. dxc5 Bxc5 7. Nb3 Bb6 8.
Bd3 Nf6 9. Qe2+ Be6 10. Nfd4 Qe7 11. Nf3 Qd8 12. Nfd4 Qe7 13. Nf5 Bxf5 14. Qxe7+
Kxe7 15. Bxf5 Nc6 16. O-O Rhe8 17. Bg5 h6 18. Rfe1+ Kf8 19. Bxf6 gxf6 20. c3 Re5
21. Bd3 Rd8 22. Kf1 Bc7 1/2-1/2

[Event "Graz Open A 2019"]
[Site "Graz AUT"]
[Date "2019.02.20"]
[Round "5.16"]
[White "Sanal, Vahap"]
[Black "Szustakowski, Antoni"]
[Result "1-0"]
[WhiteTitle "GM"]
[BlackTitle "FM"]
[WhiteElo "2497"]
[BlackElo "2301"]
[WhiteFideId "6300545"]
[BlackFideId "1167677"]
[EventDate "2019.02.17"]

1. e4 e6 2. d4 d5 3. Nd2 c5 4. Ngf3 cxd4 5. Nxd4 Nc6 6. Bb5 Bd7 7. Nxc6 bxc6 8.
Bd3 Bd6 9. Qe2 Ne7 10. Nf3 Ng6 11. e5 Bc7 12. O-O O-O 13. c4 c5 14. Re1 Bc6 15.
Ng5 Qe8 16. cxd5 Bxd5 17. Be3 c4 18. Bc2 h6 19. Nh3 Qc6 20. Bxg6 fxg6 21. Nf4 g5
22. Nxd5 Qxd5 23. g3 Bxe5 24. Rad1 Qb5 25. b3 Bc3 26. bxc4 Qc6 27. Rf1 Bf6 28.
Rb1 Rac8 29. Rfc1 Rc7 30. c5 Rfc8 31. Rc4 Qd5 32. Rd1 Qf5 33. Qc2 Qxc2 34. Rxc2
Be7 35. Rdc1 Rc6 36. Kg2 Kf7 37. Kf3 e5 38. Ke4 Ke6 39. Rc4 R8c7 40. h3 Rc8 41.
R1c2 R8c7 42. R2c3 Ra6 43. Rc2 Rac6 44. Ra4 Rb7 45. Rc3 Rbc7 46. Ra5 Bf8 47. Rc4
Be7 48. Rb5 Ra6 49. Rb2 Rac6 50. Rd2 Bxc5 51. Rdc2 Kd6 52. Bxc5+ Rxc5 53. Rxc5
Rxc5 54. Rxc5 Kxc5 55. Kxe5 a5 56. Kf5 Kb4 57. f4 Ka3 58. Kg6 gxf4 59. gxf4 Kxa2
60. f5 Kb3 61. Kxg7 a4 62. f6 a3 63. f7 a2 64. f8=Q a1=Q+ 65. Qf6 Qc1 66. Qb6+
Ka4 67. Qd4+ Kb3 68. h4 h5 69. Kg6 Qc6+ 70. Qf6 Qe4+ 71. Kxh5 Qe2+ 72. Kh6 Qe3+
73. Kg7 Qg3+ 74. Kh7 Qc7+ 75. Kh6 Qc1+ 76. Kg7 Qg1+ 77. Kh8 Qd1 78. Qe6+ Ka3 79.
Qe7+ Kb3 80. Qf7+ Ka4 81. Qe8+ Ka3 82. Qe7+ Kb3 83. Qe6+ Ka3 84. Qe3+ Kb4 85.
Qe4+ Ka3 86. Kg7 Qd7+ 87. Kf8 Qd8+ 88. Kf7 Qd1 89. Qe3+ Ka4 90. Qe8+ Kb3 91.
Qb5+ Ka3 92. Qa5+ Kb3 93. Qf5 Qc1 94. h5 Qc7+ 95. Kg6 Qd6+ 96. Kg7 Qg3+ 97. Kf6
Qc3+ 98. Qe5 Qf3+ 99. Kg5 Qg2+ 100. Kh4 Qh1+ 101. Kg4 Qd1+ 102. Kg5 Qd2+ 103.
Kf6 Qd8+ 104. Kf5 Qd3+ 105. Ke6 Qa6+ 106. Kf5 Qd3+ 107. Ke6 Qa6+ 108. Kf7 Qb7+
109. Kf6 Qf3+ 110. Qf5 Qc3+ 111. Kg6 Qg3+ 112. Kh7 Qc7+ 113. Kg8 Qg3+ 114. Qg6
Qb8+ 115. Kh7 Qc7+ 116. Qg7 Qc2+ 117. Kh8 Ka4 118. Qd7+ Ka3 119. Qe7+ Ka4 120.
Qe8+ Ka3 121. Qf8+ Ka4 122. Qa8+ Kb4 123. Qb7+ Ka4 124. Qa6+ Kb4 125. Qd6+ Ka4
126. Qd7+ Kb4 127. Qd6+ Ka4 128. Qf4+ Ka3 129. Qf8+ Ka4 130. Qf4+ Ka3 131. h6
Qg6 132. Qf8+ Ka4 133. Qa8+ Kb5 134. Qb7+ Ka4 135. Qd7+ Ka5 136. Qc7+ Ka4 137.
Qg7 Qe8+ 138. Kh7 Qe4+ 139. Qg6 Qe7+ 140. Kg8 Qd8+ 141. Kg7 Qe7+ 142. Qf7 Qe5+
143. Qf6 Qc7+ 144. Kg6 Qc2+ 145. Qf5 Qg2+ 146. Kf6 Qb2+ 147. Kg5 Qh8 148. Qd7+
Ka3 149. Qe7+ Ka4 150. h7 Qb8 151. Qd7+ Kb3 152. Qd3+ Ka4 153. Qd4+ 1-0

[Event "Graz Open A 2019"]
[Site "Graz AUT"]
[Date "2019.02.20"]
[Round "5.17"]
[White "Leisch, Lukas"]
[Black "Cvitan, Ognjen"]
[Result "1/2-1/2"]
[BlackTitle "GM"]
[WhiteElo "2313"]
[BlackElo "2496"]
[WhiteFideId "1632094"]
[BlackFideId "14500086"]
[EventDate "2019.02.17"]

1. c4 c5 2. g3 g6 3. Bg2 Bg7 4. Nc3 Nc6 5. a3 b6 6. e3 Bb7 7. Nge2 Qc8 8. d3 Nf6
9. O-O O-O 10. b3 e6 11. Rb1 Ne7 12. Ne4 Ne8 13. Bb2 Bxb2 14. Rxb2 f5 15. N4c3
Bxg2 16. Kxg2 Nf6 17. Kg1 d5 18. cxd5 Nexd5 19. Nxd5 exd5 20. b4 Qa6 1/2-1/2

[Event "Graz Open A 2019"]
[Site "Graz AUT"]
[Date "2019.02.20"]
[Round "5.18"]
[White "Goh, Wei Ming Kevin"]
[Black "Modler, Andreas"]
[Result "1-0"]
[WhiteTitle "IM"]
[WhiteElo "2477"]
[BlackElo "2270"]
[WhiteFideId "5800706"]
[BlackFideId "24645877"]
[EventDate "2019.02.17"]

1. e4 c5 2. Nf3 e6 3. d4 cxd4 4. Nxd4 a6 5. c4 Nf6 6. Nc3 Bb4 7. Qd3 d5 8. exd5
exd5 9. Be2 O-O 10. O-O Nc6 11. Rd1 Nxd4 12. Qxd4 Qe7 13. Bf3 dxc4 14. Bg5 Bxc3
15. bxc3 Be6 16. Qb6 Rfe8 17. a4 h6 18. Bh4 g5 19. Bg3 Nd5 20. Bxd5 Bxd5 21.
Qxh6 Rad8 22. h4 f6 23. hxg5 fxg5 24. Rd4 Be4 25. Rxd8 Qxd8 26. Re1 Bh7 27.
Rxe8+ Qxe8 28. Qxg5+ Bg6 29. Be5 Qf7 30. g4 b5 31. axb5 axb5 32. Qd8+ Qe8 33.
Qf6 1-0

[Event "Graz Open A 2019"]
[Site "Graz AUT"]
[Date "2019.02.20"]
[Round "5.20"]
[White "Drazic, Sinisa"]
[Black "Ongut, Tamas Gunes"]
[Result "1-0"]
[WhiteTitle "GM"]
[BlackTitle "FM"]
[WhiteElo "2408"]
[BlackElo "2214"]
[WhiteFideId "901172"]
[BlackFideId "770280"]
[EventDate "2019.02.17"]

1. d4 Nf6 2. Bg5 d5 3. e3 g6 4. Nd2 Bg7 5. Ngf3 O-O 6. h3 c5 7. c3 Nbd7 8. Be2
Re8 9. Bf4 b6 10. O-O Bb7 11. b4 Ne4 12. Nxe4 dxe4 13. Nd2 e5 14. dxe5 Nxe5 15.
bxc5 bxc5 16. Nc4 Qxd1 17. Rfxd1 Ba6 18. Bxe5 Bxe5 19. Nxe5 Bxe2 20. Rd5 Rac8
21. Rb1 Re7 22. Rb2 Ba6 23. Nd7 Kg7 24. Nxc5 Bc4 25. Rd7 Rxd7 26. Nxd7 Be6 27.
Rb7 Bxa2 28. Rxa7 Be6 29. h4 Rxc3 30. Kh2 h6 31. Kg3 g5 32. hxg5 hxg5 33. Rb7 f5
34. Nc5+ Kf6 35. Rc7 Bc4 36. Nd7+ Ke6 37. Nb6 f4+ 38. Kh2 Rc2 39. Rxc4 Rxf2 40.
Rxe4+ Kf5 41. Re8 f3 42. Kg3 Rb2 43. e4+ Kg6 44. gxf3 Rxb6 45. Kg4 Rb1 46. Re6+
Kf7 47. Ra6 Rf1 48. Ra5 Rg1+ 49. Kf5 Rg3 50. Ra3 Rg1 51. e5 Rf1 52. Kxg5 Ke6 53.
Kf4 1-0

[Event "Graz Open A 2019"]
[Site "Graz AUT"]
[Date "2019.02.20"]
[Round "5.27"]
[White "Georgescu, Lena"]
[Black "Danner, Georg"]
[Result "0-1"]
[WhiteTitle "WFM"]
[BlackTitle "IM"]
[WhiteElo "2165"]
[BlackElo "2333"]
[WhiteFideId "1331973"]
[BlackFideId "1600303"]
[EventDate "2019.02.17"]

1. e4 c5 2. Nc3 g6 3. Nf3 Bg7 4. d4 cxd4 5. Nxd4 Nc6 6. Be3 d6 7. Bc4 Nf6 8. f3
Nd7 9. Qd2 Nb6 10. Bb3 Ne5 11. O-O-O Nbc4 12. Qe2 Nxe3 13. Qxe3 Nc6 14. Nde2 Be6
15. g4 Qa5 16. Kb1 Bxb3 17. cxb3 Qc5 18. Qd2 Qf2 19. Rdf1 Qh4 20. h3 O-O 21. f4
Rad8 22. Qe3 e6 23. Rd1 Rfe8 24. g5 h6 25. gxh6 Qxh6 26. Qf3 Ne7 27. Ng3 d5 28.
e5 Qh4 29. Rhg1 Nc6 30. Nge2 a6 31. Rg4 Qh7 32. h4 b5 33. Ka1 b4 34. Na4 Rc8 35.
Rh1 Ne7 36. Nd4 Qh5 37. Qg2 Nf5 38. Nxf5 Qxf5 39. h5 Qxh5 40. Nb6 Rc2 41. Qf3
Rh2 42. Rhg1 Rd8 43. Qg3 Rh1 44. a4 bxa3 45. bxa3 Rb8 46. Rg5 Rxg1+ 47. Qxg1 Qf3
48. Ka2 Qxf4 0-1

[Event "Graz Open A 2019"]
[Site "Graz AUT"]
[Date "2019.02.21"]
[Round "6.1"]
[White "Ertan, Can"]
[Black "Gazik, Viktor"]
[Result "0-1"]
[WhiteTitle "FM"]
[BlackTitle "IM"]
[WhiteElo "2405"]
[BlackElo "2512"]
[WhiteFideId "6306330"]
[BlackFideId "14928752"]
[EventDate "2019.02.17"]

1. e4 c5 2. Nf3 d6 3. c3 Nf6 4. Qc2 Qc7 5. Bc4 Bg4 6. d4 Bxf3 7. gxf3 e6 8. Be3
Nbd7 9. Qe2 g6 10. d5 exd5 11. exd5 Be7 12. Nd2 a6 13. Bb3 O-O 14. Ne4 b5 15.
Rd1 Rfe8 16. O-O Qb7 17. Rfe1 Bf8 18. Nxf6+ Nxf6 19. f4 Qd7 20. Bc2 Qh3 21. Qf1
Qh5 22. Qg2 Bh6 23. f5 Bxe3 24. Rxe3 Rxe3 25. fxe3 Re8 26. Rf1 Re5 27. Rf3 Rxd5
28. fxg6 hxg6 29. Rh3 Qg4 30. Qxg4 Nxg4 31. Rg3 Ne5 32. Kf1 Rd2 33. Rg2 Rxg2 34.
Kxg2 Nc4 35. Kf3 Nxb2 36. Ke4 Nc4 37. Bd3 Nb6 38. Be2 Kg7 39. Kd3 Kf6 40. Bf3 g5
41. Bh5 Ke6 42. Ke4 f5+ 43. Kd3 Nc4 0-1

[Event "Graz Open A 2019"]
[Site "Graz AUT"]
[Date "2019.02.21"]
[Round "6.2"]
[White "Turov, Maxim"]
[Black "Kryakvin, Dmitry"]
[Result "1/2-1/2"]
[WhiteTitle "GM"]
[BlackTitle "GM"]
[WhiteElo "2585"]
[BlackElo "2588"]
[WhiteFideId "4120086"]
[BlackFideId "4153278"]
[EventDate "2019.02.17"]

1. e4 c6 2. Nc3 d5 3. Nf3 Bg4 4. h3 Bxf3 5. gxf3 e5 6. f4 dxe4 7. fxe5 Qd4 8.
Qe2 Qxe5 9. Nxe4 Be7 10. d4 Qxd4 11. Bf4 Qxb2 12. Rd1 Nf6 13. Nd6+ Kf8 14. Qxe7+
Kxe7 15. Nf5+ Ke8 16. Nxg7+ Kf8 17. Bd6+ Kxg7 18. Rg1+ Ng4 19. Rxg4+ Kf6 20.
Rf4+ Kg5 21. Rg4+ Kf6 22. Rf4+ Kg5 23. Rg4+ Kf6 1/2-1/2

[Event "Graz Open A 2019"]
[Site "Graz AUT"]
[Date "2019.02.21"]
[Round "6.3"]
[White "Stefansson, Hannes"]
[Black "Tomazini, Zan"]
[Result "0-1"]
[WhiteTitle "GM"]
[BlackTitle "IM"]
[WhiteElo "2514"]
[BlackElo "2432"]
[WhiteFideId "2300087"]
[BlackFideId "14608162"]
[EventDate "2019.02.17"]

1. e4 c5 2. Nf3 d6 3. d4 cxd4 4. Nxd4 Nf6 5. Nc3 g6 6. Be3 a6 7. f3 Bg7 8. Qd2
h6 9. Be2 b5 10. a4 b4 11. Na2 a5 12. c3 bxc3 13. Nxc3 Bd7 14. O-O Na6 15. Ndb5
h5 16. f4 O-O 17. e5 dxe5 18. fxe5 Ng4 19. Bf3 Bxe5 20. Bxa8 Bxh2+ 21. Kh1 Qxa8
22. Nd5 Be6 23. Nxe7+ Kh7 24. Qc3 Qd8 25. Bg5 Be5 26. Qd2 Qxd2 27. Bxd2 Bxb2 28.
Rab1 Bf6 29. Nc6 Nc5 30. Nbd4 Bc4 31. Rfc1 Ne4 32. Bf4 Bd3 33. Rb7 g5 34. Bb8
Rc8 35. Nb5 Rxb8 36. Rxf7+ Kg8 37. Rxf6 Ng3+ 38. Kg1 Ne2+ 39. Kh1 Ng3+ 40. Kg1
Ne2+ 41. Kh1 Nxc1 0-1

[Event "Graz Open A 2019"]
[Site "Graz AUT"]
[Date "2019.02.21"]
[Round "6.4"]
[White "Teclaf, Pawel"]
[Black "Navalgund, Niranjan"]
[Result "1/2-1/2"]
[WhiteTitle "CM"]
[BlackTitle "FM"]
[WhiteElo "2450"]
[BlackElo "2359"]
[WhiteFideId "1185934"]
[BlackFideId "5030854"]
[EventDate "2019.02.17"]

1. Nf3 Nf6 2. b3 b6 3. Bb2 Bb7 4. g3 g6 5. Bxf6 exf6 6. Bg2 Bg7 7. O-O f5 8. d4
O-O 9. e3 d6 10. c4 Nd7 11. Nc3 Nf6 12. Nd2 Bxg2 13. Kxg2 d5 14. Rc1 Rc8 15.
Nxd5 Nxd5 16. cxd5 Qxd5+ 17. Qf3 Qa5 18. Rc2 c5 19. Nc4 Qa6 20. Nd6 Rc7 21. dxc5
Rxc5 22. Rxc5 bxc5 23. Qd5 Qxa2 24. Rc1 Bf6 25. Rxc5 Be7 26. Ra5 Qb2 27. Nc4
Qxb3 28. Rxa7 Rc8 29. Rxe7 Qxc4 30. Re8+ Kg7 31. Qe5+ Kh6 32. Re7 Qc6+ 33. e4
Qxe4+ 34. Qxe4 fxe4 35. Rxe4 1/2-1/2

[Event "Graz Open A 2019"]
[Site "Graz AUT"]
[Date "2019.02.21"]
[Round "6.5"]
[White "Zhang, Ziji"]
[Black "Sanal, Vahap"]
[Result "0-1"]
[BlackTitle "GM"]
[WhiteElo "2406"]
[BlackElo "2497"]
[WhiteFideId "8609470"]
[BlackFideId "6300545"]
[EventDate "2019.02.17"]

1. d4 Nf6 2. c4 e6 3. Nc3 Bb4 4. Qc2 d6 5. Nf3 Nbd7 6. Bd2 b6 7. g3 Bb7 8. Bg2
O-O 9. O-O c5 10. dxc5 bxc5 11. a3 Ba5 12. Rfd1 Qe7 13. Bf4 e5 14. Bg5 h6 15.
Bxf6 Nxf6 16. Nb5 Rad8 17. Nh4 Bc8 18. e4 a6 19. Nc3 g6 20. Rab1 Be6 21. Ne2 Rb8
22. h3 Nh5 23. Kh2 Bd8 24. Qd2 Bxc4 25. Nc3 Bb3 26. Re1 Nf4 27. Nf5 gxf5 28.
gxf4 Qh4 29. fxe5 dxe5 30. exf5 Bg5 31. Qe2 Rfd8 32. Ne4 Bf4+ 33. Kh1 c4 34. Rg1
Kh8 35. Bf1 h5 36. Ng3 Rd2 37. Qxh5+ Qxh5 38. Nxh5 Rxf2 39. Nxf4 Rxf4 40. Rg4
Rxg4 41. hxg4 c3 0-1

[Event "Graz Open A 2019"]
[Site "Graz AUT"]
[Date "2019.02.21"]
[Round "6.6"]
[White "Istratescu, Andrei"]
[Black "Drazic, Sinisa"]
[Result "1/2-1/2"]
[WhiteTitle "GM"]
[BlackTitle "GM"]
[WhiteElo "2555"]
[BlackElo "2408"]
[WhiteFideId "1200372"]
[BlackFideId "901172"]
[EventDate "2019.02.17"]

1. d4 Nf6 2. c4 e6 3. g3 d5 4. Nf3 dxc4 5. Bg2 Nc6 6. O-O Rb8 7. Nc3 b5 8. Ne5
Nxe5 9. dxe5 Nd7 10. Qd4 b4 11. Ne4 Nb6 12. Qxd8+ Kxd8 13. Rd1+ Ke8 14. Be3 Bb7
15. a3 a5 16. axb4 Bxb4 17. Rac1 Bd5 18. Nc5 Bxc5 19. Bxc5 Bxg2 20. Kxg2 Rd8 21.
Rxd8+ Kxd8 22. Ra1 Kd7 23. Rxa5 Rb8 24. Bd4 Nd5 25. Rc5 Rb4 26. Bc3 Ra4 27. Kf3
c6 28. Ke4 Nxc3+ 29. bxc3 Kc7 30. Kd4 Ra2 31. Ke3 Ra4 32. Kd4 Ra2 33. Ke3 1/2-1/2

[Event "Graz Open A 2019"]
[Site "Graz AUT"]
[Date "2019.02.21"]
[Round "6.7"]
[White "Xiang, Zeyu"]
[Black "Goh, Wei Ming Kevin"]
[Result "0-1"]
[WhiteTitle "IM"]
[BlackTitle "IM"]
[WhiteElo "2436"]
[BlackElo "2477"]
[WhiteFideId "8608547"]
[BlackFideId "5800706"]
[EventDate "2019.02.17"]

1. d4 Nf6 2. c4 g6 3. Nc3 d5 4. Bf4 Bg7 5. e3 O-O 6. Rc1 Be6 7. c5 c6 8. Be2 b6
9. b4 a5 10. Na4 axb4 11. cxb6 Ne4 12. Bc7 Qc8 13. Bxb8 Qxb8 14. Qb3 c5 15. Nf3
Rxa4 16. Qxa4 Qxb6 17. Qb5 Qxb5 18. Bxb5 c4 19. Rb1 b3 20. axb3 Nc3 21. Rb2 Nxb5
22. bxc4 Nd6 23. c5 Ne4 24. O-O Nxc5 25. Ng5 Bf5 26. Rb5 Ne6 27. Nxe6 fxe6 28.
Ra1 e5 29. dxe5 Bxe5 30. Rd1 e6 31. Rc5 g5 32. Rdc1 Bb2 33. Rd1 Kg7 34. h3 h5
35. Rc7+ Kg6 36. Rc6 Kf7 37. f3 Ra8 38. Rc7+ Kf6 39. Rc6 Kf7 40. Rc7+ Kf6 41.
Rc6 Ra5 42. Re1 Ra4 43. Rd1 Rc4 44. Ra6 Bc1 45. Rxd5 Bxe3+ 46. Kf1 h4 47. Ke2
Bf4 48. Rd1 Rc2+ 49. Kf1 Be3 50. Ra3 Bc5 51. Ra5 Ke5 0-1

[Event "Graz Open A 2019"]
[Site "Graz AUT"]
[Date "2019.02.21"]
[Round "6.8"]
[White "Loiseau, Quentin"]
[Black "Kozak, Antoni"]
[Result "1-0"]
[WhiteTitle "IM"]
[WhiteElo "2452"]
[BlackElo "2346"]
[WhiteFideId "665274"]
[BlackFideId "21832030"]
[EventDate "2019.02.17"]

1. e4 c5 2. Nf3 e6 3. d4 cxd4 4. Nxd4 Nc6 5. Nc3 d6 6. Be3 Nf6 7. f4 e5 8. Nf3
exf4 9. Bxf4 Be7 10. Qd2 O-O 11. O-O-O Qa5 12. Bc4 Ne5 13. Nd5 Qxd2+ 14. Rxd2
Bd8 15. Nxf6+ Bxf6 16. Be2 Nxf3 17. gxf3 Be5 18. Bg3 f5 19. Bc4+ Kh8 20. exf5
Bxf5 21. Bxe5 dxe5 22. Re1 Rae8 23. Rde2 b6 24. Rxe5 Rc8 25. b3 h6 26. R1e3 Bg6
27. h4 Rc5 28. Rxc5 bxc5 29. Re5 Rxf3 30. Rxc5 Bf5 31. h5 g5 32. hxg6 Bxg6 33.
Be2 Rf2 34. Kd2 Kg7 35. Ke3 Rf7 36. a4 Kf6 37. a5 Re7+ 38. Kf2 Be4 39. c3 Ke6
40. Rh5 Rh7 41. Ke3 Bc6 42. Kd4 Kd6 43. Bd3 Rh8 44. b4 Bf3 45. Rf5 Bg2 46. Rf6+
Ke7 47. Rg6 Bf3 48. Ke3 Ba8 49. Ra6 h5 50. Rxa7+ Kf6 51. Kf4 h4 52. Ra6+ Ke7 53.
Ra7+ Kd6 54. Rh7 Rf8+ 55. Bf5 Kd5 56. Rxh4 Kc4 57. Ke5+ Kxc3 58. b5 Bg2 59. Bd7 1-0

[Event "Graz Open A 2019"]
[Site "Graz AUT"]
[Date "2019.02.21"]
[Round "6.9"]
[White "Radovanovic, Nikola"]
[Black "Ankit, R. Rajpara"]
[Result "1/2-1/2"]
[WhiteTitle "IM"]
[BlackTitle "GM"]
[WhiteElo "2418"]
[BlackElo "2451"]
[WhiteFideId "900087"]
[BlackFideId "5023335"]
[EventDate "2019.02.17"]

1. d4 Nf6 2. c4 e6 3. Nc3 Bb4 4. g3 O-O 5. Bg2 d5 6. a3 Bxc3+ 7. bxc3 dxc4 8.
Nf3 Nc6 9. O-O Na5 10. Bg5 h6 11. Bh4 Qd6 12. Bxf6 gxf6 13. Nd2 Bd7 14. Ne4 Qe7
15. Qd2 Kg7 16. Nc5 Rab8 17. Rab1 b6 18. Nxd7 Qxd7 19. Qf4 Qd6 20. Qg4+ Kh7 21.
Qh4 f5 22. e4 fxe4 1/2-1/2

[Event "Graz Open A 2019"]
[Site "Graz AUT"]
[Date "2019.02.21"]
[Round "6.10"]
[White "Szotkowski, Jakub"]
[Black "Perske, Thore"]
[Result "1-0"]
[WhiteTitle "IM"]
[BlackTitle "IM"]
[WhiteElo "2345"]
[BlackElo "2451"]
[WhiteFideId "330590"]
[BlackFideId "12902195"]
[EventDate "2019.02.17"]

1. d4 Nf6 2. c4 g6 3. g3 Bg7 4. Bg2 O-O 5. Nf3 d6 6. Nc3 Nc6 7. O-O a6 8. d5 Na5
9. b3 Rb8 10. Nd4 e5 11. Nc2 b5 12. cxb5 axb5 13. Nb4 e4 14. Be3 Ng4 15. Bd4 f5
16. Bxg7 Kxg7 17. Rc1 Qf6 18. e3 Bd7 19. Ne2 Rb7 20. Nd4 Ra8 21. Rc2 h5 22. Qe2
Qe5 23. Rfc1 Raa7 24. Ndc6 Bxc6 25. dxc6 Rb6 26. h4 Qe8 27. Qd1 Ne5 28. Qd5 Qf7
29. Qd4 Kf8 30. Kh1 Ra8 31. Bf1 Rab8 32. Be2 Qg7 33. Kg2 Qf7 34. f4 exf3+ 35.
Bxf3 Re8 36. Bd5 Qf6 37. e4 Ng4 38. Qxf6+ Nxf6 39. exf5 Re5 40. Bf3 Rxf5 41. Re1
Re5 42. Kf2 Rxe1 43. Kxe1 Rb8 44. Re2 Kf7 45. Kf2 Rd8 46. Ke3 Re8+ 47. Kf4 Rd8
48. Ke3 Re8+ 49. Kd4 Rg8 50. Rf2 Kg7 51. Na6 Rc8 52. Re2 Kf8 53. Bd5 Ng4 54. b4
Nc4 55. Be6 Ra8 56. Nxc7 Ra4 57. Nxb5 Nb6 58. a3 Ne5 59. c7 Nc6+ 60. Kc3 1-0

[Event "Graz Open A 2019"]
[Site "Graz AUT"]
[Date "2019.02.21"]
[Round "6.11"]
[White "Marjanovic, Dejan"]
[Black "Haldorsen, Benjamin"]
[Result "0-1"]
[WhiteTitle "IM"]
[BlackTitle "IM"]
[WhiteElo "2400"]
[BlackElo "2450"]
[WhiteFideId "14402661"]
[BlackFideId "1512633"]
[EventDate "2019.02.17"]

1. e4 e5 2. Nf3 Nc6 3. Bc4 Nf6 4. d3 h6 5. c3 d6 6. a4 g6 7. O-O Bg7 8. Re1 O-O
9. Nbd2 a6 10. Ba2 Kh7 11. d4 Nh5 12. Nc4 exd4 13. Nxd4 Nxd4 14. cxd4 Qh4 15.
Bb1 Nf6 16. g3 Qh3 17. Ne3 Ng4 18. Nxg4 Bxg4 19. f3 Bd7 20. Ra3 Rad8 21. Rc3 c5
22. Be3 f5 23. exf5 Bxf5 24. Bxf5 Qxf5 25. Bf2 b5 26. axb5 axb5 27. Re7 Rf7 28.
Rxf7 Qxf7 29. Rb3 b4 30. Qc2 Qd5 31. dxc5 dxc5 32. Re3 Qd1+ 33. Qxd1 Rxd1+ 34.
Kg2 Rd2 35. Kf1 Rxb2 36. Re7 Rc2 37. Rb7 Kg8 38. Bxc5 Rxc5 39. Rxb4 Rc2 40. Kg1
Bf8 41. Rb8 Kf7 42. Rb7+ Ke6 43. Kh1 Rf2 44. Rb3 Bc5 45. Rd3 h5 46. Rc3 Kd5 47.
Rd3+ Kc4 48. Rd8 Rxf3 49. Rg8 Rf6 50. Kg2 Kd5 51. g4 hxg4 52. Kg3 Ke6 53. Kxg4
Kf7 54. Ra8 Be7 55. Ra2 Rb6 56. Rf2+ Kg7 57. Rd2 Rb4+ 58. Kg3 Kh6 59. Rd5 Bg5
60. h3 Bh4+ 61. Kf3 g5 62. Rd2 Rb3+ 63. Kg2 Kg6 64. Rd5 Rg3+ 65. Kh2 Rf3 66. Kg2
Rf2+ 67. Kg1 Re2 68. Ra5 Kf6 69. Rb5 Re5 70. Rb2 Kf5 71. Kg2 Kf4 72. Ra2 Rd5 73.
Re2 Rd3 74. Ra2 Ke3 75. Ra4 Rd2+ 76. Kg1 Kf3 77. Ra3+ Kf4 78. Ra4+ Ke3 79. Ra8
Re2 80. Rf8 Bg3 0-1